|
|
|
|
| LEADER |
02394nam a22005175i 4500 |
| 001 |
978-0-387-33776-0 |
| 003 |
DE-He213 |
| 005 |
20151204144132.0 |
| 007 |
cr nn 008mamaa |
| 008 |
100301s2006 xxu| s |||| 0|eng d |
| 020 |
|
|
|a 9780387337760
|9 978-0-387-33776-0
|
| 024 |
7 |
|
|a 10.1007/0-387-33776-8
|2 doi
|
| 040 |
|
|
|d GrThAP
|
| 050 |
|
4 |
|a QH506
|
| 072 |
|
7 |
|a MBGR
|2 bicssc
|
| 072 |
|
7 |
|a PSD
|2 bicssc
|
| 072 |
|
7 |
|a SCI049000
|2 bisacsh
|
| 072 |
|
7 |
|a MED067000
|2 bisacsh
|
| 082 |
0 |
4 |
|a 611.01816
|2 23
|
| 100 |
1 |
|
|a Ahmad, Shamim I.
|e author.
|
| 245 |
1 |
0 |
|a Molecular Mechanisms of Fanconi Anemia
|h [electronic resource] /
|c by Shamim I. Ahmad, Sandra H. Kirk.
|
| 264 |
|
1 |
|a Boston, MA :
|b Springer US,
|c 2006.
|
| 300 |
|
|
|a XIII, 121 p.
|b online resource.
|
| 336 |
|
|
|a text
|b txt
|2 rdacontent
|
| 337 |
|
|
|a computer
|b c
|2 rdamedia
|
| 338 |
|
|
|a online resource
|b cr
|2 rdacarrier
|
| 347 |
|
|
|a text file
|b PDF
|2 rda
|
| 490 |
1 |
|
|a Medical Intelligence Unit
|
| 505 |
0 |
|
|a Clinical Features of Fanconi Anaemia -- The Genetic Basis of Fanconi Anemia -- The FANCA Gene and Its Products -- The FANCC Gene and Its Products -- The FANC B, E, F and G Genes and Their Products -- FANCD1/BRCA2 and FANCD2 -- The FANC Genome Surveillance Complex -- Other Proteins and Their Interactions with FA Gene Products -- Fanconi Anaemia and Oxidative Stress -- Therapy for Fanconi Anemia -- Mutational Analyses of Fanconi Anemia Genes in Japanese Patients.
|
| 520 |
|
|
|a Molecular Mechanisms of Fanconi Anemia will give research students a platform for further investigation, and act as a source of information regarding experimental design. Clinicians will find this title useful for its comprehensive description of Fanconi Anemia and information on the latest molecular theories underlying its causes.
|
| 650 |
|
0 |
|a Medicine.
|
| 650 |
|
0 |
|a Human genetics.
|
| 650 |
|
0 |
|a Immunology.
|
| 650 |
|
0 |
|a Molecular biology.
|
| 650 |
1 |
4 |
|a Biomedicine.
|
| 650 |
2 |
4 |
|a Molecular Medicine.
|
| 650 |
2 |
4 |
|a Human Genetics.
|
| 650 |
2 |
4 |
|a Immunology.
|
| 700 |
1 |
|
|a Kirk, Sandra H.
|e author.
|
| 710 |
2 |
|
|a SpringerLink (Online service)
|
| 773 |
0 |
|
|t Springer eBooks
|
| 776 |
0 |
8 |
|i Printed edition:
|z 9780387319728
|
| 830 |
|
0 |
|a Medical Intelligence Unit
|
| 856 |
4 |
0 |
|u http://dx.doi.org/10.1007/0-387-33776-8
|z Full Text via HEAL-Link
|
| 912 |
|
|
|a ZDB-2-SBL
|
| 950 |
|
|
|a Biomedical and Life Sciences (Springer-11642)
|